000
00291nam a2200097 a 4500
008
111128s2009|||| d
245
1
0
_a
Publiczne Gimnazjum im. Ksiedza Jerzego Popieluszki w Wielopolu Skrzynskim
260
_b
Apla
_a
Wielopole Skrzynskie
_c
2009
020
_c
100
044
_a
xo
_c
SK
999
_c
19893
_d
19893